General Knowledge Quiz #1 - Statistics

General Stats
  • This quiz has been taken 1,963 times
    1,958 since last reset
  • The average score is 10 of 34
Answer Stats
Hint Answer % Correct
How many states are there in the USA? 50
81%
Glaucoma affects which part of the body? Eyes
68%
What band sang "Hey Jude"? The Beatles
68%
What country had the longest life expectancy in the world in 2011? Japan
58%
What's it called when the moon is between the sun and the earth? Solar Eclipse
58%
How many ribs does a human have? 24
48%
As of December 2013, how many Assassin's Creed games are there? 15
47%
Who plays the lead in High School Musical? Zac Efron
43%
What year did "Scooby Doo" first come out? 1969
40%
What is the name of the food made of the liver of a duck or goose that has been fattened? Foie gras
37%
In religion, according to Islam, who was the last of the prophets? Muhammad
36%
Who is "24601" in Les Miserables? Jean Valjean
35%
Lenny Small and George Milton are the main characters in what novel? Of Mice and Men
35%
What is "W" in the army/phonetic alphabet? e.g. "A" = Alpha Whiskey
35%
What is the October birthstone? Opal
34%
Where was the 1908 Summer Olympic Games hosted? London
31%
What Netflix TV series is based off a book by Piper Kerman? Orange is the new black
31%
Which Irish twins appeared in Eurovision 2011 & 12? John and Edward
27%
What pastry is used to make eclairs and profiteroles? Choux
22%
Country with the highest birth rate? Niger
19%
What is the equation of a straight line? y = mx+ c
19%
In HTML, what is "br"? Break
18%
Who composed music for films such as Pirates of the Caribbean, Kung Fu Panda and The Dark Knight? Hans Zimmer
17%
Which pasta in Italian means ‘little moustache’? Penne
17%
What is the best selling PC game franshise? The Sims
17%
Gephyrophobia is the fear of which type of structures? Bridges
16%
What meme is based off a superhero cartoon from the '60s? '60s Spiderman
14%
What is "7" in binary? 0111
13%
Who discovered King Tutankhamun's tomb? Howard Carter
10%
What did Yahoo buy for $1.1 in 2013? tumblr.
7%
The current account, the capital account and the official financing account make up what? The Balance of Payments
2%
Nuclear sizes are expressed as what unit? Fermi
1%
What are needles for acupuncture or combat called in Japanese? Senbon
1%
What is Yuri Lowenthal's profession? Voice Acting
1%
No matching quizzes found
Score Distribution
Percent of People with Each Score
Percentile by Number Answered
Your Score History
You have not taken this quiz since the last reset